Ang kamatis ni Peles. (Record no. 110510)
[ view plain ]
| 000 -LEADER | |
|---|---|
| fixed length control field | 00363nam a2200133 a 4500 |
| 005 - DATE AND TIME OF LATEST TRANSACTION | |
| control field | 20140414131857.0 |
| 008 - FIXED-LENGTH DATA ELEMENTS--GENERAL INFORMATION | |
| fixed length control field | 100826s19uu xx 00 eng d |
| 050 ## - LIBRARY OF CONGRESS CALL NUMBER | |
| Classification number | FIL |
| Item number | K13 1985 |
| 100 ## - MAIN ENTRY--PERSONAL NAME | |
| Personal name | Angeles, Alberta |
| 245 ## - TITLE STATEMENT | |
| Title | Ang kamatis ni Peles. |
| 260 ## - PUBLICATION, DISTRIBUTION, ETC. (IMPRINT) | |
| Place of publication, distribution, etc | Philippines : |
| Name of publisher, distributor, etc | Adarna, |
| Date of publication, distribution, etc | 1985. |
| 500 ## - GENERAL NOTE | |
| General note | Illustrator's Prize 1984 (Grand Prize) |
| Withdrawn status | Lost status | Damaged status | Home library | Current library | Shelving location | Date acquired | Total Checkouts | Full call number | Barcode | Date last seen | Price effective from | Koha item type |
|---|---|---|---|---|---|---|---|---|---|---|---|---|
| Munich Library | Munich Library | Filipiniana Section | 08/26/2010 | FIL K13 1985 | M0930 | 04/14/2014 | 04/14/2014 | Books |